Mezinárodní firma McLarens European Partners N.V. se představuje i na českém pojišťovacím trhu

Medzinárodná firma špecializujúca sa na problematiku likvidácie poistných udalostí, a to menovite veľkých majetkových škôd - McLarens European Partners N.V. (MEP), pôsobí na českom poistnom trhu prostredníctvom slovenského štátneho podniku Chemat Bratislava. Európske členské poisťovne MEP.

Salvato in:
Dettagli Bibliografici
Natura: Capitolo di libro
Lingua:ceco
Soggetti:
Tags: Aggiungi Tag
Nessun Tag, puoi essere il primo ad aggiungerne!!

MARC

LEADER 00000naa a2200000 4500
001 r024199
005 20221213082919.7
041 0 |a cze 
044 |a CZ 
245 1 0 |a Mezinárodní firma McLarens European Partners N.V. se představuje i na českém pojišťovacím trhu 
520 |a Medzinárodná firma špecializujúca sa na problematiku likvidácie poistných udalostí, a to menovite veľkých majetkových škôd - McLarens European Partners N.V. (MEP), pôsobí na českom poistnom trhu prostredníctvom slovenského štátneho podniku Chemat Bratislava. Európske členské poisťovne MEP. 
610 2 0 |a poisťovne 
610 2 0 |a McLarens European Partners N.V. 
610 2 0 |a Chemat, š.p. Bratislava 
610 2 0 |a trh poistný 
610 2 0 |a Česko 
610 2 0 |a Slovensko 
610 2 0 |a západná Európa